| 000 -LEADER |
| fixed length control field |
00376nam a2200133 4500 |
| 003 - CONTROL NUMBER IDENTIFIER |
| control field |
OSt |
| 005 - DATE AND TIME OF LATEST TRANSACTION |
| control field |
20210705121337.0 |
| 008 - FIXED-LENGTH DATA ELEMENTS--GENERAL INFORMATION |
| fixed length control field |
210705b ||||| |||| 00| 0 eng d |
| 020 ## - INTERNATIONAL STANDARD BOOK NUMBER |
| International Standard Book Number |
9781568988894 |
| 082 ## - DEWEY DECIMAL CLASSIFICATION NUMBER |
| Classification number |
720.285 |
| Item number |
COR |
| 100 ## - MAIN ENTRY--PERSONAL NAME |
| Personal name |
Corser, Robert; Corser, Robert |
| 245 ## - TITLE STATEMENT |
| Title |
Fabricating architecture : selected readings in digital design and manufacturing |
| 942 ## - ADDED ENTRY ELEMENTS (KOHA) |
| Source of classification or shelving scheme |
|